[Event "Open Ouest 2016/2017"]
[Site "Vitrolles"]
[Date "2017.02.04"]
[Round "7"]
[White "Dufresne, Said"]
[Black "Cens, Alain"]
[Result "0-1"]
[WhiteElo "1418"]
[BlackElo "1423"]
[PlyCount "56"]

1. c4 e5 2. Nc3 Nc6 3. g3 f5 4. d3 Nf6 5. Bg2 Bc5 6. Na4 Be7 7. Nf3 d6 8. O-O
O-O 9. b3 f4 10. Bb2 Qe8 11. c5 Qh5 12. Nh4 g5 13. Bf3 Bg4 14. Nf5 Bxf3 15.
exf3 g4 16. Nxe7+ Nxe7 17. fxg4 Nxg4 18. h4 f3 19. Qd2 Rf5 20. Rac1 Ng6 21.
cxd6 cxd6 22. Qb4 Nxh4 23. Qxb7 Ng6 24. Qxa8+ Kg7 25. Rc7+ Kh6 26. Bc1+ Nf4 27.
Rxh7+ Kxh7 28. Qxa7+ Rf7 0-1

[Event "Open Ouest 2016/2017"]
[Site "Vitrolles"]
[Date "2017.03.04"]
[Round "7"]
[White "Porte, Jacques"]
[Black "Pau, Gerard"]
[Result "1-0"]
[WhiteElo "1326"]
[BlackElo "1399"]
[PlyCount "89"]

1. d4 e6 2. c4 Bb4+ 3. Nc3 d5 4. Nf3 dxc4 5. e4 Nf6 6. Bg5 b5 7. Be2 h6 8. Bh4
Bb7 9. a3 Bxc3+ 10. bxc3 Bxe4 11. O-O c6 12. h3 Nbd7 13. Nd2 Qc7 14. a4 Bd3 15.
Bxd3 cxd3 16. Nf3 Qf4 17. Bg3 Qe4 18. Re1 Qd5 19. Ne5 O-O 20. Nxd3 Ne4 21. Nf4
Nxc3 22. Nxd5 Nxd1 23. Ne7+ Kh7 24. Raxd1 Nb8 25. Bxb8 Rfxb8 26. Nxc6 Rb6 27.
axb5 Rxb5 28. Rc1 a5 29. Ne5 Ra7 30. Rb1 Rxb1 31. Rxb1 a4 32. Ra1 a3 33. Ra2 f6
34. Nc4 Ra4 35. Nxa3 Rxd4 36. Nb5 Rd1+ 37. Kh2 g5 38. g4 Kg6 39. Kg2 f5 40.
gxf5+ exf5 41. Ra6+ Kh5 42. Nd6 f4 43. Nf7 f3+ 44. Kxf3 Rd3+ 45. Kg2 1-0

[Event "Open Ouest 2016/2017"]
[Site "Vitrolles"]
[Date "2017.03.04"]
[Round "7"]
[White "Reymond, Jean-Francois"]
[Black "Maccagno, Gilbert"]
[Result "1-0"]
[WhiteElo "1445"]
[BlackElo "1363"]
[PlyCount "73"]

1. e4 c5 2. f4 d6 3. Nf3 e6 4. d3 Nc6 5. c3 Be7 6. Be2 Nf6 7. O-O O-O 8. Na3 a6
9. Nc2 Qc7 10. h3 Nd7 11. Be3 Bf6 12. Rb1 b6 13. a3 b5 14. Qe1 Nb6 15. Nh2 Rb8
16. Ng4 Be7 17. f5 exf5 18. exf5 Nd5 19. c4 Nf6 20. Qg3 Nxg4 21. Bxg4 Bf6 22.
Bf4 Ne5 23. Ne3 Bb7 24. Nd5 Bxd5 25. cxd5 Rfe8 26. Rbc1 Qb6 27. Kh1 a5 28. Rfd1
Rbc8 29. Bf3 Nxf3 30. gxf3 Be5 31. Rg1 g6 32. Qg4 Bxf4 33. Qxf4 Qc7 34. f6 Qd8
35. Rce1 Rf8 36. Re7 Rc7 37. Qh6 1-0

[Event "Open Ouest 2016/2017"]
[Site "Vitrolles"]
[Date "2017.03.04"]
[Round "7"]
[White "Zajaczkowski, Danielle"]
[Black "Blondelon, Claude"]
[Result "1-0"]
[WhiteElo "1352"]
[BlackElo "1298"]
[PlyCount "63"]

1. d4 d5 2. Nf3 Nf6 3. Bf4 e6 4. e3 c6 5. Nbd2 Be7 6. Bd3 b6 7. O-O Ba6 8. Bxa6
Nxa6 9. c3 O-O 10. Qa4 Qc8 11. Ne5 b5 12. Qb3 Nb8 13. a4 Nbd7 14. axb5 c5 15.
Nc6 Re8 16. Nxa7 Qb7 17. Nc6 Bf8 18. c4 dxc4 19. Nxc4 Ne4 20. f3 Nef6 21. Nd6
Bxd6 22. Bxd6 Nd5 23. dxc5 Nb8 24. Rxa8 Qxa8 25. Nxb8 Rxb8 26. Bxb8 Qxb8 27. b6
Ne7 28. Qc3 Nc6 29. b4 h5 30. b5 Ne5 31. Qd4 Nd7 32. Qxd7 1-0

[Event "Open Ouest 2016/2017"]
[Site "Vitrolles"]
[Date "2017.02.04"]
[Round "7"]
[White "Martinot, Herve"]
[Black "Mars, Florence"]
[Result "0-1"]
[WhiteElo "1399"]
[BlackElo "1100"]
[PlyCount "118"]

1. c4 c5 2. Nc3 Nc6 3. g3 Nf6 4. Bg2 e6 5. Nf3 d5 6. d4 dxc4 7. dxc5 Qxd1+ 8.
Nxd1 Bxc5 9. O-O O-O 10. a3 b6 11. b4 cxb3 12. Bf4 Nd5 13. Nd2 Bb7 14. Nxb3
Nxf4 15. gxf4 Be7 16. e4 Rab8 17. a4 Rfd8 18. a5 bxa5 19. Nxa5 Nxa5 20. Rxa5 a6
21. Ne3 Kf8 22. Rh5 h6 23. f5 e5 24. Ng4 f6 25. Rh3 Rd4 26. Re3 Rbd8 27. f3 a5
28. Rb1 Rd1+ 29. Re1 Rxe1+ 30. Rxe1 a4 31. Bf1 a3 32. Bc4 Rd4 33. Bd5 Bxd5 34.
exd5 Rxd5 35. Ne3 Rd3 36. Kf2 a2 37. Ra1 Rd2+ 38. Kg3 Bc5 39. Nf1 Re2 40. f4
Bd4 41. Rd1 a1=Q 42. Rxa1 Bxa1 43. fxe5 Bxe5+ 44. Kg4 Kf7 45. h4 Re4+ 46. Kh5
Rf4 47. Ne3 Bd4 48. Nd5 Rxf5+ 49. Kg4 Rxd5 50. h5 f5+ 51. Kf4 Ke6 52. Kf3 Ke5
53. Kg3 f4+ 54. Kg4 Ke4 55. Kh4 f3 56. Kg4 f2 57. Kh4 f1=Q 58. Kg3 Rg5+ 59. Kh4
Qh1# 0-1

[Event "Open Ouest 2016/2017"]
[Site "Vitrolles"]
[Date "2017.03.25"]
[Round "8"]
[White "Muhajiz, Gibran"]
[Black "Reymond, Jean-Francois"]
[Result "1-0"]
[WhiteElo "1853"]
[BlackElo "1445"]
[PlyCount "91"]

1. d4 d5 2. c4 e6 3. Nc3 c6 4. Nf3 Nf6 5. cxd5 exd5 6. Bg5 Be7 7. Qc2 O-O 8. e3
Nbd7 9. Bd3 Kh8 10. O-O-O b5 11. h4 a5 12. Ne5 Bb7 13. Nxd7 Qxd7 14. Bf5 Qd8
15. Bxf6 Bxf6 16. Bxh7 Qd6 17. Bf5 Rg8 18. h5 Bg5 19. f4 Bh6 20. g4 f6 21. Rdg1
Qe7 22. Qf2 a4 23. Qg3 b4 24. Nb1 Bc8 25. Bc2 Bd7 26. g5 f5 27. Qf2 c5 28. gxh6
gxh6 29. Rg6 Kh7 30. Rxg8 Rxg8 31. Rg1 c4 32. Rxg8 Kxg8 33. Qd2 b3 34. axb3
axb3 35. Bd1 Qe4 36. Nc3 Qh1 37. Qe2 Be6 38. Qf3 Qe1 39. Nxd5 Kf7 40. Nc3 Qg1
41. d5 Bd7 42. d6 Kg7 43. Ne2 Qg4 44. Qxg4+ fxg4 45. Ng3 Kf6 46. Kd2 1-0

[Event "Open Ouest 2016/2017"]
[Site "Vitrolles"]
[Date "2017.03.25"]
[Round "8"]
[White "Jullien, Patrick"]
[Black "Benoit-Lizon, Alain"]
[Result "1-0"]
[WhiteElo "1602"]
[BlackElo "1540"]
[PlyCount "63"]

1. e4 Nc6 2. d4 d5 3. e5 Bf5 4. Nf3 e6 5. Bb5 Qd7 6. O-O h5 7. Be3 Nh6 8. h3
Be7 9. Nbd2 O-O-O 10. c3 Rdg8 11. Qa4 Kb8 12. Nb3 Qc8 13. Bxc6 bxc6 14. Qxc6
Bd3 15. Rfe1 g5 16. Nxg5 Bxg5 17. Nc5 a6 18. Nxd3 Bxe3 19. Rxe3 Nf5 20. Rf3 Nh4
21. Rg3 Rxg3 22. fxg3 Nf5 23. Nc5 Ka7 24. b4 Ne7 25. Qa4 c6 26. Qc2 Qc7 27. a4
Qb8 28. Qd3 Qb6 29. Rb1 a5 30. bxa5 Qxa5 31. Rb7+ Ka8 32. Rxe7 1-0

[Event "Open Ouest 2016/2017"]
[Site "Vitrolles"]
[Date "2017.03.25"]
[Round "8"]
[White "Quet, Jean-Francois"]
[Black "Cens, Alain"]
[Result "1-0"]
[WhiteElo "1653"]
[BlackElo "1423"]
[PlyCount "57"]

1. e4 c5 2. Nf3 d6 3. d4 cxd4 4. Nxd4 g6 5. Bc4 Nf6 6. f3 Bg7 7. c3 O-O 8. Be3
d5 9. exd5 Nxd5 10. Bg5 h6 11. Bc1 b6 12. O-O Bb7 13. Na3 Nc6 14. Nac2 Nxd4 15.
Nxd4 Qc7 16. Qb3 Rad8 17. Rd1 e6 18. Bd2 Rc8 19. Bf1 Rfd8 20. Re1 Qc5 21. Kh1
a6 22. Rad1 Re8 23. Nc2 Ne7 24. Be3 Qh5 25. Qxb6 Rb8 26. Qc5 Qxc5 27. Bxc5 Bd5
28. Nb4 Rbc8 29. Bxe7 1-0

[Event "Open Ouest 2016/2017"]
[Site "Vitrolles"]
[Date "2017.03.25"]
[Round "8"]
[White "Dufresne, Said"]
[Black "Porte, Jacques"]
[Result "0-1"]
[WhiteElo "1418"]
[BlackElo "1326"]
[PlyCount "117"]

1. c4 e5 2. Nc3 g6 3. g3 Bg7 4. Bg2 d6 5. e3 Nc6 6. a3 Be6 7. b3 Rb8 8. Rb1 f5
9. Bb2 Nf6 10. Nge2 O-O 11. O-O Ne7 12. d4 c6 13. Ba1 a6 14. dxe5 dxe5 15. Qxd8
Rbxd8 16. Rfd1 Nd7 17. Rd6 Nc5 18. Rbd1 Rxd6 19. Rxd6 Nc8 20. Rxe6 Nxe6 21. e4
f4 22. Bh3 Ng5 23. Bxc8 Rxc8 24. g4 Nf3+ 25. Kg2 Nd4 26. Nc1 f3+ 27. Kg3 Bh6
28. Nd3 Bg7 29. b4 b6 30. Na4 Rb8 31. Bxd4 exd4 32. Kxf3 g5 33. c5 b5 34. Nb6
Rd8 35. h3 Kf7 36. Ke2 Ke6 37. f3 Be5 38. Kf1 Bc7 39. Ke2 Rb8 40. Kd1 Kf6 41.
Nd7+ Ke6 42. Nxb8 Bxb8 43. Ke1 Bc7 44. Kf2 Bf4 45. Kg2 Bc7 46. Nc1 Bf4 47. Nd3
Bd2 48. Kg3 a5 49. Kf2 axb4 50. axb4 Bf4 51. h4 h6 52. hxg5 Be3+ 53. Kg3 hxg5
54. f4 gxf4+ 55. Nxf4+ Ke5 56. Ng2 Kxe4 57. Nxe3 Kxe3 58. g5 d3 59. g6 0-1

[Event "Open Ouest 2016/2017"]
[Site "Vitrolles"]
[Date "2017.03.25"]
[Round "8"]
[White "Misene, Milan"]
[Black "Estevez, Ange"]
[Result "1-0"]
[WhiteElo "1355"]
[BlackElo "1490"]
[PlyCount "59"]

1. d4 d5 2. c4 e5 3. dxe5 d4 4. h3 Nc6 5. Nf3 Be6 6. b3 f6 7. exf6 Nxf6 8. Nbd2
Bf5 9. g4 Bg6 10. Bg2 Nb4 11. O-O Nc2 12. Ne5 Nb4 13. Nxg6 hxg6 14. a3 Nc6 15.
Qc2 Qd7 16. Qxg6+ Qf7 17. Qxf7+ Kxf7 18. Bb2 Bd6 19. Rad1 Nxg4 20. Bd5+ Ke7 21.
hxg4 Bh2+ 22. Kg2 Ne5 23. f3 Bf4 24. Rh1 Rxh1 25. Rxh1 Bxd2 26. Bxd4 Ng6 27. e3
c6 28. Be4 Kf7 29. Rh5 Rd8 30. Rf5+ 1-0

[Event "Open Ouest 2016/2017"]
[Site "Vitrolles"]
[Date "2017.03.25"]
[Round "8"]
[White "Chabaud, Philippe"]
[Black "Blondelon, Remi"]
[Result "1-0"]
[WhiteElo "1364"]
[BlackElo "1428"]
[PlyCount "113"]

1. d4 Nf6 2. Bf4 d5 3. e3 c6 4. Nd2 g6 5. Be2 Bg7 6. Ngf3 O-O 7. h3 Bf5 8. Ne5
Nbd7 9. Ndf3 Qb6 10. Qc1 Rac8 11. O-O Ne4 12. Nxd7 Bxd7 13. Ne5 Bxe5 14. Bxe5
f6 15. Bh2 Rce8 16. c4 e5 17. Rd1 Qd8 18. a3 Qe7 19. b4 a6 20. Qb2 exd4 21.
Qxd4 Ng5 22. cxd5 cxd5 23. Qxd5+ Be6 24. Qd6 Rf7 25. Rac1 Bb3 26. Qxe7 Rexe7
27. Rd8+ Kg7 28. Bc4 Bxc4 29. Rxc4 Ne6 30. Rd1 Rd7 31. Rcc1 g5 32. g4 Kg6 33.
Kg2 Ng7 34. f4 f5 35. fxg5 Kxg5 36. Bf4+ Kg6 37. Kg3 fxg4 38. hxg4 Ne6 39. Rd6
Rxd6 40. Bxd6 Rd7 41. Rd1 Ng5 42. Rd4 Nf7 43. Bc5 Rxd4 44. exd4 b5 45. Kf4 Kf6
46. d5 Nd8 47. Bd4+ Ke7 48. Ke5 Nf7+ 49. Kf5 Nd6+ 50. Kg5 Nc4 51. Bc5+ Kf7 52.
d6 Ne5 53. Kf5 Nd7 54. g5 Nxc5 55. bxc5 Ke8 56. Ke6 a5 57. c6 1-0

[Event "Open Ouest 2016/2017"]
[Site "Vitrolles"]
[Date "2017.03.25"]
[Round "8"]
[White "Mars, Florence"]
[Black "Coquet, Bruno"]
[Result "1-0"]
[WhiteElo "1100"]
[BlackElo "1399"]
[PlyCount "91"]

1. e4 e5 2. Nf3 Nc6 3. d4 exd4 4. Nxd4 Nxd4 5. Qxd4 c5 6. Qe5+ Qe7 7. Qxe7+
Nxe7 8. Nc3 a6 9. Be3 d6 10. Rd1 Nc6 11. Nd5 Rb8 12. a3 b5 13. Be2 Rb7 14. O-O
Be6 15. Rd2 Be7 16. Nxe7 Kxe7 17. Rfd1 Rd8 18. Rxd6 Rbd7 19. Rxd7+ Rxd7 20.
Bxc5+ Ke8 21. Rxd7 Bxd7 22. f4 f6 23. Kf2 Kf7 24. g4 g6 25. Ke3 Nd8 26. f5 g5
27. c4 Nb7 28. Kd4 Nd8 29. cxb5 axb5 30. Kc3 Nb7 31. Kb4 Bc6 32. Bxb5 Bxe4 33.
Bc4+ Kg7 34. a4 h5 35. Be2 h4 36. a5 Nd8 37. a6 Nc6+ 38. Kb5 Nd8 39. b4 Kf7 40.
Kc4 Ke8 41. b5 Kd7 42. Kd4 Bg2 43. a7 Kc8 44. Bc4 Kd7 45. Bd5 Bxd5 46. Kxd5 1-0

[Event "Open Ouest 2016/2017"]
[Site "Vitrolles"]
[Date "2016.03.25"]
[Round "8"]
[White "Martinot, Herve"]
[Black "Maccagno, Gilbert"]
[Result "0-1"]
[WhiteElo "1399"]
[BlackElo "1363"]
[PlyCount "68"]

1. c4 Nf6 2. Nc3 d6 3. d3 g6 4. e4 e5 5. g3 Bg7 6. Bg2 Nc6 7. Nge2 O-O 8. Be3
Ng4 9. Qd2 Nxe3 10. Qxe3 Nb4 11. O-O-O Be6 12. h4 h6 13. f4 Bg4 14. Rh2 c6 15.
Kd2 Qa5 16. a3 Na6 17. Rdh1 Qc5 18. Bh3 Qxe3+ 19. Kxe3 Bxh3 20. Rxh3 f5 21. Kf3
h5 22. d4 exd4 23. Nxd4 Bxd4 24. Rd1 Bxc3 25. bxc3 Rad8 26. exf5 gxf5 27. Rg1
Nc5 28. g4 fxg4+ 29. Rxg4+ hxg4+ 30. Kxg4 d5 31. h5 dxc4 32. Kg5 Rd7 33. Kg6
Rg7+ 34. Kh6 Rf6# 0-1

[Event "Open Ouest 2016/2017"]
[Site "Vitrolles"]
[Date "2017.03.25"]
[Round "8"]
[White "Pau, Gerard"]
[Black "Zajaczkowski, Danielle"]
[Result "0-1"]
[WhiteElo "1399"]
[BlackElo "1352"]
[PlyCount "128"]

1. e4 e5 2. Nf3 d6 3. Bc4 Be7 4. c3 Nf6 5. d3 O-O 6. O-O h6 7. Nbd2 Nbd7 8. Re1
Nb6 9. Bb3 Bd7 10. Bc2 a6 11. Nf1 Rb8 12. Ng3 Qc8 13. d4 exd4 14. cxd4 Nh7 15.
Nf5 Bxf5 16. exf5 Bf6 17. Qd3 Re8 18. Rxe8+ Qxe8 19. Be3 d5 20. Re1 Qd7 21. Ne5
Qb5 22. a4 Qxb2 23. a5 Na8 24. Nd7 Rd8 25. Nxf6+ Nxf6 26. Rb1 Qa2 27. Bd2 b5
28. Bb3 Qa3 29. Bc1 Qxa5 30. Bb2 Qb6 31. Re1 Qd6 32. h3 Nb6 33. Bc2 Nc4 34. Bc1
Re8 35. Rxe8+ Nxe8 36. Qf3 Nf6 37. Bf4 Qb6 38. Be5 Qc6 39. g4 Nxe5 40. dxe5 Ne4
41. Bxe4 dxe4 42. Qg2 Qd5 43. Qg3 c5 44. h4 c4 45. h5 Qd1+ 46. Kg2 Qf3+ 47.
Qxf3 exf3+ 48. Kxf3 c3 49. Ke2 b4 50. Kd1 a5 51. e6 fxe6 52. fxe6 Kf8 53. f4
Ke7 54. f5 b3 55. g5 a4 56. f6+ gxf6 57. gxf6+ Kxf6 58. Kc1 Kxe6 59. Kb1 Kd5
60. Kc1 Kc4 61. Kb1 a3 62. Ka1 b2+ 63. Ka2 Kd3 64. Kxa3 b1=Q 0-1

[Event "Open Ouest 2016/2017"]
[Site "Vitrolles"]
[Date "2017.04.29"]
[Round "9"]
[White "Porte, Jacques"]
[Black "Jullien, Patrick"]
[Result "1/2-1/2"]
[WhiteElo "1334"]
[BlackElo "1595"]
[PlyCount "107"]

1. Nf3 Nf6 2. d4 g6 3. e3 Bg7 4. Bd3 d5 5. Nc3 O-O 6. O-O Nc6 7. a3 Re8 8. Re1
Bg4 9. h3 Bd7 10. Ne2 e5 11. dxe5 Nxe5 12. Nxe5 Rxe5 13. c3 Bc6 14. Nd4 Bd7 15.
b4 Ne4 16. Bb2 Re8 17. Qc2 Qg5 18. Nf3 Qf6 19. Rab1 Qe7 20. c4 Bxb2 21. Qxb2
dxc4 22. Bxc4 Rad8 23. Red1 Bc8 24. Rxd8 Rxd8 25. Bb3 Be6 26. Rd1 Bxb3 27.
Rxd8+ Qxd8 28. Qxb3 Nd2 29. Qd1 Nxf3+ 30. Qxf3 c6 31. g4 Qd3 32. Qf4 Qd8 33.
Qd4 Qxd4 34. exd4 Kf8 35. f4 Ke7 36. Kf2 Kd6 37. Ke3 Kd5 38. Kd3 h5 39. f5 hxg4
40. hxg4 gxf5 41. gxf5 b5 42. Ke3 f6 43. Kd3 a6 44. Ke3 Kc4 45. Ke4 Kb3 46. d5
cxd5+ 47. Kxd5 Kxa3 48. Ke6 Kxb4 49. Kxf6 Kc4 50. Ke6 b4 51. f6 b3 52. f7 b2
53. f8=Q b1=Q 54. Qc8+ 1/2-1/2

[Event "Open Ouest 2016/2017"]
[Site "Vitrolles"]
[Date "2017.04.29"]
[Round "9"]
[White "Quet, Jean-Francois"]
[Black "Chabaud, Philippe"]
[Result "1-0"]
[WhiteElo "1653"]
[BlackElo "1379"]
[PlyCount "43"]

1. c4 e5 2. Nc3 Nc6 3. g3 Bc5 4. Bg2 Nge7 5. Ne4 Bb6 6. c5 d5 7. cxb6 dxe4 8.
bxc7 Qxc7 9. Bxe4 Be6 10. Nf3 h6 11. O-O f5 12. Bb1 g5 13. b3 f4 14. Bb2 O-O-O
15. Bd3 Bh3 16. Re1 Kb8 17. Rc1 Qd6 18. Rc3 Rhe8 19. Qb1 Nd5 20. Rc4 Nf6 21.
Rec1 Be6 22. Rxc6 1-0

[Event "Open Ouest 2016/2017"]
[Site "Vitrolles"]
[Date "2017.04.29"]
[Round "9"]
[White "Benoit-Lizon, Alain"]
[Black "Misene, Milan"]
[Result "1-0"]
[WhiteElo "1466"]
[BlackElo "1365"]
[PlyCount "21"]

1. e4 c5 2. d4 cxd4 3. c3 dxc3 4. Nxc3 Nc6 5. Nf3 a6 6. Bc4 Nf6 7. e5 Ng4 8.
Bxf7+ Kxf7 9. Ng5+ Ke8 10. Qxg4 h6 11. Qh5+ 1-0

[Event "Open Ouest 2016/2017"]
[Site "Vitrolles"]
[Date "2017.12.04"]
[Round "9"]
[White "Cens, Alain"]
[Black "Estevez, Ange"]
[Result "1/2-1/2"]
[WhiteElo "1431"]
[BlackElo "1468"]
[PlyCount "67"]

1. c4 c5 2. Nc3 Nf6 3. g3 g6 4. Bg2 Bg7 5. d3 e5 6. e4 Nc6 7. Nge2 O-O 8. O-O
d6 9. Bg5 Be6 10. Nd5 Bxd5 11. cxd5 Nd4 12. Nxd4 cxd4 13. Bh3 h6 14. Bd2 Re8
15. b4 Re7 16. Rc1 Rc7 17. Qa4 Rxc1 18. Rxc1 a6 19. Qb3 Nd7 20. a4 Rc8 21. Rc2
Rxc2 22. Qxc2 Nb8 23. Qc1 Kh7 24. f4 exf4 25. Bxf4 Bf8 26. Qc8 Qxc8 27. Bxc8 b6
28. e5 g5 29. Bd2 dxe5 30. g4 Bd6 31. Bf5+ Kg7 32. Kf2 Kf6 33. h3 Ke7 34. Ke2
1/2-1/2

[Event "Open Ouest 2016/2017"]
[Site "Vitrolles"]
[Date "2016.04.29"]
[Round "9"]
[White "Mars, Florence"]
[Black "Reymond, Jean-Francois"]
[Result "0-1"]
[WhiteElo "1119"]
[BlackElo "1457"]
[PlyCount "62"]

1. e4 d5 2. exd5 Qxd5 3. Nc3 Qa5 4. d4 c6 5. Bd2 e5 6. Qe2 Bd6 7. Ne4 Qc7 8.
Nxd6+ Qxd6 9. Qxe5+ Qxe5+ 10. dxe5 Bf5 11. Bd3 Ne7 12. f4 Nd7 13. Be3 Bxd3 14.
cxd3 Nd5 15. Kd2 O-O 16. a3 Rfe8 17. d4 N7b6 18. b3 a5 19. Rc1 Nc8 20. Ne2 Nce7
21. g4 f5 22. g5 Ra6 23. Nc3 Nc7 24. h4 b5 25. b4 Rea8 26. Rb1 axb4 27. axb4
Ncd5 28. Nxd5 Nxd5 29. Rhc1 Ra3 30. Rxc6 Nxe3 31. Rbc1 Nc4+ 0-1

[Event "Open Ouest 2016/2017"]
[Site "Vitrolles"]
[Date "2017.04.29"]
[Round "9"]
[White "Blondelon, Remi"]
[Black "Dufresne, Said"]
[Result "1/2-1/2"]
[WhiteElo "1408"]
[BlackElo "1402"]
[PlyCount "112"]

1. d4 e6 2. Nf3 Nf6 3. e3 d5 4. c4 c6 5. Nc3 Bb4 6. Bd2 O-O 7. c5 Ba5 8. a3 Bc7
9. Bd3 b6 10. b4 bxc5 11. dxc5 Ba6 12. Bxa6 Nxa6 13. Nd4 Qe8 14. Qa4 Nb8 15.
O-O-O e5 16. Nb3 Qe6 17. f3 e4 18. Nd4 Qe8 19. h3 a5 20. f4 g6 21. g4 h5 22.
Be1 hxg4 23. Bh4 Kg7 24. Bxf6+ Kxf6 25. hxg4 Kg7 26. Nce2 Rh8 27. Rxh8 Kxh8 28.
Rh1+ Kg8 29. b5 cxb5 30. Qxb5 Qc8 31. Nc6 Nxc6 32. Qxc6 Ra6 33. Qxd5 Qxg4 34.
Qxe4 Qe6 35. Qxe6 Rxe6 36. Kd2 Re4 37. Rc1 f5 38. Nc3 Re7 39. Nb5 g5 40. Rg1 g4
41. Nd4 Rf7 42. Kc3 Kg7 43. Ne6+ Kf6 44. Nxc7 Rxc7 45. Kd4 Rd7+ 46. Kc4 Ke6 47.
Rh1 Rg7 48. Rh6+ Kd7 49. Ra6 Kc8 50. c6 Rg6 51. Kc5 g3 52. Kb6 Kb8 53. Kxa5 Kc7
54. Ra7+ Kd6 55. Ra6 Kc7 56. Ra7+ Kd6 1/2-1/2

[Event "Open Ouest 2016/2017"]
[Site "Vitrolles"]
[Date "2016.04.29"]
[Round "9"]
[White "Blondelon, Claude"]
[Black "Martinot, Herve"]
[Result "1-0"]
[WhiteElo "1278"]
[BlackElo "1399"]
[PlyCount "79"]

1. d4 Nf6 2. c4 d5 3. Nc3 e6 4. e3 b6 5. Nf3 Bd6 6. cxd5 exd5 7. Be2 O-O 8. Qc2
c5 9. O-O Ba6 10. Rd1 Bxe2 11. Qxe2 c4 12. Ne5 Qc7 13. Qf3 Bxe5 14. dxe5 Qxe5
15. Nxd5 Nbd7 16. Rd4 Rac8 17. Bd2 h5 18. Bc3 Qg5 19. Ne7+ Kh7 20. Nxc8 Rxc8
21. Rad1 Ne5 22. Qh3 Rc5 23. f4 Qg6 24. fxe5 Rxe5 25. Rd6 Kh6 26. Bxe5 Qg4 27.
Qxg4 hxg4 28. Bxf6 gxf6 29. Kf2 Kg5 30. g3 f5 31. Rc6 b5 32. Rd8 a5 33. Rd7 a4
34. Rxf7 a3 35. bxa3 c3 36. Rxc3 Kg6 37. Rfc7 Kf6 38. R7c5 f4 39. gxf4 g3+ 40.
hxg3 1-0